[Event "Cardiff Welsh Spring op"]
[Site "Cardiff"]
[Date "2023.03.05"]
[Round "5"]
[White "Wilmot, Daniel"]
[Black "Gibiec, Ernest"]
[Result "0-1"]
[WhiteElo "1912"]
[BlackElo "2138"]
[PlyCount "65"]
[EventDate "2023.03.04"]
[EventType "swiss"]
[EventRounds "5"]
[EventCountry "WLS"]
[SourceTitle "EXT 2024"]
[Source "ChessBase"]
[SourceDate "2023.10.10"]
[SourceVersion "1"]
[SourceVersionDate "2023.10.10"]
[SourceQuality "1"]

1. e4 d6 2. d4 Nf6 3. Nc3 g6 4. Nf3 c6 5. Bd3 Bg7 6. 0-0 0-0 7. Re1 Qc7 8. b4 Bg4 9. h3 Bxf3 10. Qxf3 Nbd7 11. Ne2 a5 12. Bd2 axb4 13. Bxb4 c5 14. dxc5 dxc5 15. Bc3 Ne5 16. Qg3 Nh5 17. Qh2 c4 18. Bxc4 Nf3+ 19. gxf3 Qxc4 20. Bxg7 Nxg7 21. Qe5 Ra3 22. Qxe7 Rxf3 23. Kg2 Re8 24. Qxb7 Ra3 25. Ng3 Ne6 26. Kh2 Ng5 27. Qd7 Rea8 28. Kg2 h5 29. Qd5 Rxg3+ 30. Kxg3 Ra3+ 31. Kg2 Qc3 32. Qxg5 Qxh3+ 33. Kg1 0-1

[Event "Moravia-Silesia Region-chT 2223"]
[Site "Czech Republic"]
[Date "2022.11.27"]
[Round "4"]
[White "Stampovsky, Libor"]
[Black "Gibiec, Ernest"]
[Result "1/2-1/2"]
[WhiteElo "1830"]
[BlackElo "2114"]
[PlyCount "40"]
[EventDate "2022.10.09"]
[EventType "team-tourn"]
[EventRounds "11"]
[EventCountry "CZE"]
[SourceTitle "EXT 2024"]
[Source "ChessBase"]
[SourceDate "2023.10.10"]
[SourceVersion "1"]
[SourceVersionDate "2023.10.10"]
[SourceQuality "1"]
[WhiteTeam "Petrovice Inter"]
[BlackTeam "Karvina"]
[WhiteTeamCountry "CZE"]
[BlackTeamCountry "CZE"]

1. d4 d5 2. Nc3 Nf6 3. e4 dxe4 4. f3 exf3 5. Nxf3 Bg4 6. h3 Bxf3 7. Qxf3 c6 8. g4 h6 9. Bd3 e6 10. g5 hxg5 11. Bxg5 Nbd7 12. 0-0-0 Qa5 13. Bd2 0-0-0 14. Kb1 Qh5 15. Qg2 Nd5 16. Ne4 Be7 17. Be2 Qh7 18. Bd3 Qh5 19. Be2 Qh7 20. Bd3 Qh5 1/2-1/2

[Event "CZE-chT1E 2122"]
[Site "Czech Republic"]
[Date "2022.02.20"]
[Round "9.2"]
[White "Gibiec, Ernest"]
[Black "Tomaszewski, Kacper"]
[Result "1/2-1/2"]
[WhiteElo "2113"]
[BlackElo "2308"]
[PlyCount "43"]
[EventDate "2021.10.09"]
[EventType "team-tourn"]
[EventRounds "11"]
[EventCountry "CZE"]
[SourceTitle "EXT 2023"]
[Source "ChessBase"]
[SourceDate "2022.10.05"]
[SourceVersion "1"]
[SourceVersionDate "2022.10.05"]
[SourceQuality "1"]
[WhiteTeam "Cesky Tesin"]
[BlackTeam "Orlova Slavia"]
[WhiteTeamCountry "CZE"]
[BlackTeamCountry "CZE"]

1. d4 d5 2. Nf3 Nf6 3. c4 e6 4. Nc3 c5 5. e3 Nc6 6. a3 cxd4 7. exd4 dxc4 8. Bxc4 Be7 9. 0-0 0-0 10. d5 exd5 11. Nxd5 Nxd5 12. Bxd5 Bf6 13. Qb3 Qb6 14. Qxb6 axb6 15. Be3 Bxb2 16. Ra2 Bf6 17. Bxb6 Ra6 18. Rb1 Be7 19. h3 Nb4 20. axb4 Rxb6 21. Re2 Bxb4 22. Ng5 1/2-1/2

[Event "CZE-chT1E 2122"]
[Site "Czech Republic"]
[Date "2021.12.12"]
[Round "5.6"]
[White "Gibiec, Ernest"]
[Black "Sikorova, Olga"]
[Result "1-0"]
[WhiteElo "2113"]
[BlackElo "2159"]
[PlyCount "85"]
[EventDate "2021.10.09"]
[EventType "team-tourn"]
[EventRounds "11"]
[EventCountry "CZE"]
[SourceTitle "EXT 2023"]
[Source "ChessBase"]
[SourceDate "2022.10.05"]
[SourceVersion "1"]
[SourceVersionDate "2022.10.05"]
[SourceQuality "1"]
[WhiteTeam "Cesky Tesin"]
[BlackTeam "Trinec"]
[WhiteTeamCountry "CZE"]
[BlackTeamCountry "CZE"]

1. d4 Nf6 2. Nf3 c5 3. c3 b6 4. Bf4 Bb7 5. e3 d6 6. h3 g6 7. Nbd2 Bg7 8. Be2 0-0 9. 0-0 Nbd7 10. a4 a6 11. Bg3 Ra7 12. Re1 Qa8 13. Bd3 Ne4 14. Nxe4 Bxe4 15. Bxe4 Qxe4 16. Nd2 Qb7 17. Bh4 Re8 18. Qb3 e6 19. Bg3 Qc6 20. Nc4 d5 21. Nd2 c4 22. Qc2 f5 23. b3 cxb3 24. Qxb3 Rea8 25. c4 dxc4 26. Nxc4 Qd5 27. Rab1 Rb7 28. Nd6 Rba7 29. Rec1 Bf8 30. Nc8 Rb7 31. Qxd5 exd5 32. Bd6 b5 33. a5 Bh6 34. Ne7+ Kf7 35. Nxd5 Bg5 36. Rc6 Bd8 37. Bb4 Nb8 38. Rc8 Rd7 39. Nb6 Bxb6 40. axb6 a5 41. Bxa5 Rxa5 42. Rxb8 Ke6 43. b7 1-0

[Event "CZE-chT1E 2122"]
[Site "Czech Republic"]
[Date "2021.10.09"]
[Round "1.1"]
[White "Gibiec, Ernest"]
[Black "Zeman, Matyas"]
[Result "0-1"]
[WhiteElo "2113"]
[BlackElo "2262"]
[PlyCount "68"]
[EventDate "2021.10.09"]
[EventType "team-tourn"]
[EventRounds "11"]
[EventCountry "CZE"]
[SourceTitle "EXT 2023"]
[Source "ChessBase"]
[SourceDate "2022.10.05"]
[SourceVersion "1"]
[SourceVersionDate "2022.10.05"]
[SourceQuality "1"]
[WhiteTeam "Cesky Tesin"]
[BlackTeam "Brno Moravska Slavia II"]
[WhiteTeamCountry "CZE"]
[BlackTeamCountry "CZE"]

1. d4 Nf6 2. Nf3 e6 3. Bf4 b6 4. e3 Bb7 5. Bd3 Be7 6. h3 0-0 7. Nbd2 c5 8. c3 d6 9. 0-0 cxd4 10. exd4 Nbd7 11. Qe2 Qc7 12. Rfe1 Rfe8 13. Ba6 Nf8 14. Bh2 Ng6 15. a4 Nd5 16. Bxb7 Qxb7 17. Ne4 Rad8 18. Qd2 Qc6 19. Rac1 Qxa4 20. Ra1 Qd7 21. c4 Nf6 22. Nxf6+ Bxf6 23. Ra6 d5 24. c5 bxc5 25. dxc5 Qb5 26. Qa5 Qxa5 27. Rxa5 Bxb2 28. Rb1 Bf6 29. Rxa7 e5 30. Rbb7 Rc8 31. g4 e4 32. Nd2 Rxc5 33. Rxf7 Rc2 34. Nb3 e3 0-1

[Event "CZE-chT2F 1819"]
[Site "Czech Republic"]
[Date "2019.03.31"]
[Round "11.5"]
[White "Gibiec, Ernest"]
[Black "Funiok, Marcel"]
[Result "1/2-1/2"]
[WhiteElo "2120"]
[BlackElo "2080"]
[PlyCount "36"]
[EventDate "2018.10.14"]
[EventType "team-tourn"]
[EventRounds "11"]
[EventCountry "CZE"]
[SourceTitle "EXT 2022"]
[Source "ChessBase"]
[SourceDate "2021.10.06"]
[SourceVersion "1"]
[SourceVersionDate "2021.10.06"]
[SourceQuality "1"]
[WhiteTeam "Karvina"]
[BlackTeam "Havirov Banik"]
[WhiteTeamCountry "CZE"]
[BlackTeamCountry "CZE"]

1. d4 d5 2. c4 e6 3. Nc3 Nf6 4. cxd5 exd5 5. Bg5 c6 6. Qc2 Be7 7. e3 Nbd7 8. Bd3 h6 9. Bf4 0-0 10. h3 a6 11. a4 Re8 12. Nf3 Nf8 13. 0-0 Bd6 14. Bxd6 Qxd6 15. a5 Be6 16. Na4 Rad8 17. Qc5 Bc8 18. Qxd6 Rxd6 1/2-1/2

[Event "CZE-chT2F 1819"]
[Site "Czech Republic"]
[Date "2019.03.17"]
[Round "10.6"]
[White "Gibiec, Ernest"]
[Black "Laurincova, Kristyna"]
[Result "1-0"]
[WhiteElo "2120"]
[BlackElo "2108"]
[PlyCount "73"]
[EventDate "2018.10.14"]
[EventType "team-tourn"]
[EventRounds "11"]
[EventCountry "CZE"]
[SourceTitle "EXT 2022"]
[Source "ChessBase"]
[SourceDate "2021.10.06"]
[SourceVersion "1"]
[SourceVersionDate "2021.10.06"]
[SourceQuality "1"]
[WhiteTeam "Karvina"]
[BlackTeam "Frydek Mistek III"]
[WhiteTeamCountry "CZE"]
[BlackTeamCountry "CZE"]

1. d4 Nf6 2. Nf3 c5 3. c3 b6 4. dxc5 bxc5 5. e4 Bb7 6. e5 Nd5 7. c4 Nc7 8. Nc3 g6 9. Be3 Ne6 10. Nd5 Bg7 11. Qd2 Nc6 12. Bf4 Qb8 13. 0-0-0 Nxe5 14. Nxe5 Bxe5 15. Bh6 Bxd5 16. cxd5 Nd4 17. f4 Bf6 18. g4 Rg8 19. Bg2 d6 20. h4 Qb5 21. Bf1 Qb7 22. Rh3 a5 23. Re1 Ra7 24. Bg5 Bxg5 25. hxg5 Qxd5 26. b3 Qb7 27. Bg2 Qb6 28. Bd5 e6 29. f5 gxf5 30. gxf5 Re7 31. Rxh7 exd5 32. Rxe7+ Kxe7 33. Qe3+ Kd8 34. g6 fxg6 35. Qe7+ Kc8 36. f6 Nf5 37. Qe6+ 1-0

[Event "CZE-chT1E 1718"]
[Site "Czech Republic"]
[Date "2018.02.04"]
[Round "7.1"]
[White "Hosek, Martin"]
[Black "Gibiec, Ernest"]
[Result "1/2-1/2"]
[WhiteElo "2098"]
[BlackElo "2153"]
[PlyCount "82"]
[EventDate "2017.10.22"]
[EventType "team-tourn"]
[EventRounds "11"]
[EventCountry "CZE"]
[SourceTitle "EXT 2019"]
[Source "ChessBase"]
[SourceDate "2018.10.10"]
[SourceVersion "1"]
[SourceVersionDate "2018.10.10"]
[SourceQuality "1"]
[WhiteTeam "Brno Lokomotiva"]
[BlackTeam "Cesky Tesin"]
[WhiteTeamCountry "CZE"]
[BlackTeamCountry "CZE"]

1. d4 d5 2. c4 c6 3. Nf3 Nf6 4. Nc3 dxc4 5. a4 Bf5 6. e3 e6 7. Bxc4 Bb4 8. 0-0 0-0 9. Bd3 Bxd3 10. Qxd3 Nbd7 11. e4 Bxc3 12. bxc3 Nc5 13. Qc2 Ncxe4 14. Ba3 Re8 15. Rab1 Rb8 16. c4 c5 17. Rfe1 cxd4 18. Rbd1 d3 19. Rxd3 Qa5 20. Bb2 Nc5 21. Ra3 Ncd7 22. Nd2 Rbc8 23. Rg3 Qf5 24. Qxf5 exf5 25. Rge3 Rxe3 26. Rxe3 b6 27. f3 Rc5 28. Bc3 h6 29. Bb4 Rc6 30. Kf2 a5 31. Ba3 Nc5 32. Bxc5 Rxc5 33. Re7 Rc6 34. Rb7 Rd6 35. Ke2 Nd7 36. Nb3 Kf8 37. Rc7 Ke8 38. c5 Re6+ 39. Kd3 Kd8 40. cxb6 Rxb6 41. Rc3 Rb4 1/2-1/2

[Event "CZE-chT2F 1617"]
[Site "Czech Republic"]
[Date "2017.02.12"]
[Round "8.5"]
[White "Gibiec, Ernest"]
[Black "Hrbacek, Miroslav"]
[Result "1-0"]
[WhiteElo "2123"]
[BlackElo "1956"]
[PlyCount "51"]
[EventDate "2016.10.09"]
[EventType "team-tourn"]
[EventRounds "11"]
[EventCountry "CZE"]
[SourceTitle "EXT 2022"]
[Source "ChessBase"]
[SourceDate "2021.10.06"]
[SourceVersion "1"]
[SourceVersionDate "2021.10.06"]
[SourceQuality "1"]
[WhiteTeam "Cesky Tesin"]
[BlackTeam "Vrbno pod Pradedem"]
[WhiteTeamCountry "CZE"]
[BlackTeamCountry "CZE"]

1. d4 d5 2. c4 e6 3. Nc3 Nf6 4. cxd5 exd5 5. Bg5 Nbd7 6. e3 c6 7. Bd3 h6 8. Bh4 Bd6 9. Nf3 0-0 10. Qc2 Re8 11. 0-0 Nf8 12. Bg3 Bxg3 13. hxg3 Ng4 14. b4 a6 15. a4 Bd7 16. b5 axb5 17. axb5 Rxa1 18. Rxa1 Qf6 19. Ra7 Rc8 20. Rxb7 cxb5 21. Nxd5 Qd6 22. Ne7+ Qxe7 23. Qxc8 Qa3 24. Qc2 b4 25. Rb8 g6 26. Qc5 1-0